00230nam a2200097Ia 4500008004100000082001500041100001900056245002400075260001800099600001500117241002s9999 xx 000 0 und d a808.84 GRE aGreene. Graham 4aThe Lost Child Hood aLondon:c1951 aLiterature